| 000 | 00811cam a22002412 4500 | ||
|---|---|---|---|
| 001 | 0000020625 | ||
| 005 | 20151217145926.0 | ||
| 008 | 110928s xx 000 0 eng d | ||
| 020 | _a0406905970 : | ||
| 040 |
_aKABU _cKABU |
||
| 100 | 1 |
_aHayes, Mary. _@0000181076 |
|
| 245 | 1 | 0 |
_aFamily law : _bprinciples, policy and practice / _cMary Hayes, Catherine Williams. |
| 250 | _a2nd ed. | ||
| 260 |
_aOxford : _bO. U. P., _c2005. |
||
| 300 | _alx, 765 p. | ||
| 650 | 0 |
_aDomestic relations _zGreat Britain. _@0000160162 |
|
| 700 | 1 |
_aWilliams, Catherine. _@0000181077 |
|
| 852 | 1 | _9p7529 KES | |
| 852 | 1 | _9p7529 KES | |
| 852 | 1 | _9p7529 KES | |
| 908 | _a110928 | ||
| 950 | _@1 | ||
| 999 |
_c4151 _d4151 |
||